000 01403nam a2200217Ia 4500
001 22712
003 GE_BSU
008 181216s||||||||xx |||||||||||||| ||und||
040 _cGE_BSU
245 _aგადასახადები & აღრიცხვა. №13. 2018.
245 _bსაკონსულტაციო-ანალიტიკური ჟურნალი
245 _cრედ: კოტე უბირია, ექსპერტები:გონერ ურიდია,ჯემალ ძაგნიძე, მაია ნასარაია,და სხვ.
260 _aთბილისი
260 _c2018
300 _a54გვ;30სმ.
653 _aაუდიტურ და კონსალტინგური მომსახურება,საფინანსო -ეკონომიკური საქმიანობის სრული ან შერჩევითი შემოწმება და ანალიზი;დახმარება საგადასახადო დეკლარაციებსა და გაანგარიშების მომზადებაში.
653 _aგადასახადები & აღრიცხვა. №13. 2018.
653 _aეკონომიკა
653 _aპერიოდიკა
942 _cCR
999 _c55617
_d55617